000 00539nam a22001697a 4500
005 20251108172749.0
008 250721s1992 xx 000 0 ara d
082 1 4 _a956.5/عبي
100 1 _aعبيدات، محمود
_eمؤلف
245 1 0 _aالأردن في التاريخ من العصر الحجري حتى قيام الإمارة /
264 1 _aبيروت :
_bجروس برس،
_c1992.
300 _aج1.
650 1 7 _aتاريخ الأردن
650 1 7 _aالمواقع الأثرية
942 _2ddc
_cBK
999 _c87885
_d87885